header

Tunisia's global integration (Record no. 28404)

MARC details
000 -LEADER
fixed length control field 01206nam a2200301Ia 4500
245 00 - TITLE STATEMENT
Title Tunisia's global integration
260 ## - PUBLICATION, DISTRIBUTION, ETC. (IMPRINT)
Place of publication Washington, D.C. :
Name of publisher World Bank,
Year of publication c2009.
300 ## - PHYSICAL DESCRIPTION
Number of Pages viii, 145 p. :
Other physical details ill.
650 #0 - SUBJECT ADDED ENTRY--TOPICAL TERM
Topical Term Economic forecasting
856 40 - ELECTRONIC LOCATION AND ACCESS
Uniform Resource Identifier http://site.ebrary.com/lib/rucke/Doc?id=10264156

No items available.

© 2026 Rongo University
Contact us: librarian | system librarian | Rongo university